| 000 -CABECERA |
| campo de control de longitud fija |
00668nam a22002297a 4500 |
| 003 - IDENTIFICADOR DEL NÚMERO DE CONTROL |
| campo de control |
OSt |
| 005 - FECHA Y HORA DE LA ÚLTIMA TRANSACCIÓN |
| campo de control |
20220602145055.0 |
| 008 - DATOS DE LONGITUD FIJA--INFORMACIÓN GENERAL |
| campo de control de longitud fija |
170628e201706 pe 000 1 spa |
| 020 ## - NÚMERO INTERNACIONAL ESTÁNDAR DEL LIBRO |
| Número Internacional Estándar del Libro |
9786124297212 |
| 040 ## - FUENTE DE LA CATALOGACIÓN |
| Centro/agencia transcriptor |
Biblioteca Municipal de Cusco |
| 082 ## - NÚMERO DE LA CLASIFICACIÓN DECIMAL DEWEY |
| Número de clasificación |
869.56/C71T |
| Notación interna |
C71T |
| 100 1# - ENTRADA PRINCIPAL--NOMBRE DE PERSONA |
| Nombre de persona |
Colchado Lucio, Óscar |
| Término indicativo de función/relación |
autor |
| 9 (RLIN) |
13556 |
| 245 13 - MENCIÓN DE TÍTULO |
| Título |
La tarde de toros / |
| Mención de responsabilidad, etc. |
Óscar Colchado Lucio |
| 250 ## - MENCIÓN DE EDICIÓN |
| Mención de edición |
Primera edición. |
| 264 #1 - PRODUCCIÓN, PUBLICACIÓN, DISTRIBUCIÓN, FABRICACIÓN Y COPYRIGHT |
| Producción, publicación, distribución, fabricación y copyright |
Lima : |
| Nombre del de productor, editor, distribuidor, fabricante |
Pakarina Ediciones, |
| Fecha de producción, publicación, distribución, fabricación o copyright |
junio de 2017. |
| 300 ## - DESCRIPCIÓN FÍSICA |
| Extensión |
172 páginas ; |
| Dimensiones |
20 cm. |
| 490 0# - MENCIÓN DE SERIE |
| Mención de serie |
Biblioteca Illa ; |
| Designación de volumen o secuencia |
no. 4 |
| 490 0# - MENCIÓN DE SERIE |
| Mención de serie |
Serie Novela |
| 500 ## - NOTA GENERAL |
| Nota general |
Novela. |
| 650 ## - PUNTO DE ACCESO ADICIONAL DE MATERIA--TÉRMINO DE MATERIA |
| Término de materia o nombre geográfico como elemento de entrada |
Novela peruana |
| 9 (RLIN) |
48049 |
| 942 ## - ELEMENTOS DE PUNTO DE ACCESO ADICIONAL (KOHA) |
| Fuente del sistema de clasificación o colocación |
|
| Tipo de ítem Koha |
Libros-BMC |